|
|
|
|
| LEADER |
02982nam a2200793 4500 |
| 001 |
ocn876141091 |
| 003 |
OCoLC |
| 005 |
20170124070045.4 |
| 006 |
m o d |
| 007 |
cr ||||||||||| |
| 008 |
140407s2014 nju o 001 0 eng |
| 010 |
|
|
|a 2014013896
|
| 040 |
|
|
|a DLC
|b eng
|e rda
|c DLC
|d YDX
|d N$T
|d EBLCP
|d DG1
|d IDEBK
|d CUS
|d YDXCP
|d CDX
|d DEBSZ
|d OCLCF
|d RECBK
|d OCLCO
|d UMI
|d E7B
|d DEBBG
|d COO
|d OCLCO
|d GrThAP
|
| 019 |
|
|
|a 906580060
|a 957735376
|a 958082168
|
| 020 |
|
|
|a 9781118866412 (Adobe PDF)
|
| 020 |
|
|
|a 111886641X (Adobe PDF)
|
| 020 |
|
|
|a 9781118866429 (ePub)
|
| 020 |
|
|
|a 1118866428 (ePub)
|
| 020 |
|
|
|z 9781118866474 (cloth)
|
| 020 |
|
|
|a 9781118866528
|
| 020 |
|
|
|a 1118866525
|
| 020 |
|
|
|a 1118866479
|
| 020 |
|
|
|a 9781118866474
|
| 029 |
1 |
|
|a CHBIS
|b 010259709
|
| 029 |
1 |
|
|a CHVBK
|b 325944075
|
| 029 |
1 |
|
|a DEBSZ
|b 409827320
|
| 029 |
1 |
|
|a NZ1
|b 15592083
|
| 029 |
1 |
|
|a NZ1
|b 15906890
|
| 029 |
1 |
|
|a DEBBG
|b BV042683075
|
| 029 |
1 |
|
|a DEBBG
|b BV042740074
|
| 029 |
1 |
|
|a DEBSZ
|b 446582808
|
| 029 |
1 |
|
|a DEBBG
|b BV043610149
|
| 029 |
1 |
|
|a DEBBG
|b BV043396669
|
| 035 |
|
|
|a (OCoLC)876141091
|z (OCoLC)906580060
|z (OCoLC)957735376
|z (OCoLC)958082168
|
| 037 |
|
|
|a CL0500000576
|b Safari Books Online
|
| 042 |
|
|
|a pcc
|
| 050 |
0 |
0 |
|a HG179.5
|
| 072 |
|
7 |
|a BUS
|x 082000
|2 bisacsh
|
| 072 |
|
7 |
|a BUS
|x 041000
|2 bisacsh
|
| 072 |
|
7 |
|a BUS
|x 042000
|2 bisacsh
|
| 072 |
|
7 |
|a BUS
|x 085000
|2 bisacsh
|
| 082 |
0 |
0 |
|a 658.1/6
|2 23
|
| 049 |
|
|
|a MAIN
|
| 100 |
1 |
|
|a Grau, David,
|c Sr.
|
| 245 |
1 |
0 |
|a Succession planning for financial advisors :
|b building an enduring business /
|c David Grau, Sr.
|
| 264 |
|
1 |
|a Hoboken, New Jersey :
|b John Wiley & Sons Inc.,
|c [2014]
|
| 300 |
|
|
|a 1 online resource.
|
| 336 |
|
|
|a text
|b txt
|2 rdacontent
|
| 337 |
|
|
|a computer
|b n
|2 rdamedia
|
| 338 |
|
|
|a online resource
|b nc
|2 rdacarrier
|
| 490 |
1 |
|
|a Wiley finance series
|
| 500 |
|
|
|a Includes index.
|
| 588 |
|
|
|a Description based on print version record and CIP data provided by publisher.
|
| 650 |
|
0 |
|a Financial planners.
|
| 650 |
|
0 |
|a Executive succession.
|
| 650 |
|
0 |
|a Financial services industry
|x Management.
|
| 650 |
|
7 |
|a BUSINESS & ECONOMICS
|x Industrial Management.
|2 bisacsh
|
| 650 |
|
7 |
|a BUSINESS & ECONOMICS
|x Management.
|2 bisacsh
|
| 650 |
|
7 |
|a BUSINESS & ECONOMICS
|x Management Science.
|2 bisacsh
|
| 650 |
|
7 |
|a BUSINESS & ECONOMICS
|x Organizational Behavior.
|2 bisacsh
|
| 650 |
|
7 |
|a Executive succession.
|2 fast
|0 (OCoLC)fst00917872
|
| 650 |
|
7 |
|a Financial planners.
|2 fast
|0 (OCoLC)fst00924719
|
| 650 |
|
7 |
|a Financial services industry
|x Management.
|2 fast
|0 (OCoLC)fst00924764
|
| 655 |
|
4 |
|a Electronic books.
|
| 655 |
|
0 |
|a Electronic books.
|
| 776 |
0 |
8 |
|i Print version:
|a Grau, David, Sr.
|t Succession planning for financial advisors
|d Hoboken, New Jersey : John Wiley & Sons Inc., [2014]
|z 9781118866474
|w (DLC) 2014012693
|
| 830 |
|
0 |
|a Wiley finance series.
|
| 856 |
4 |
0 |
|u https://doi.org/10.1002/9781118866528
|z Full Text via HEAL-Link
|
| 994 |
|
|
|a 92
|b DG1
|